000 00701pam a2200217 a 4500
001 1161279
005 20250220202354.0
008 960528s1996 maua b 001 0 eng
020 _a0631203079 (alk. paper)
041 1 _aeng
_hfre
050 0 0 _aHD30.27
_b.S2213 1996
082 0 0 _a658
_220
100 1 _aSalmon, Robert,
_d1935-
245 1 4 _aThe future of management :
_ball roads lead to man /
_cRobert Salmon ; translated by Larry Cohen.
260 _aOxford, U.K. ;
_aCambridge, Mass. :
_bBlackwell Publishers,
_c1996 (1997 printing)
300 _axxiv, 253 p. :
_bill. ;
_c24 cm.
440 0 _aDevelopmental management
650 0 _aForecasting.
650 0 _aManagement.
942 _2lcc
_cBK
_n0
999 _c4003
_d4003